Europas Flaggen mit Grün - Statistiken

Allgemein
  • Dieses Quiz wurde 84 mal gespielt
  • Das Durchschnittsergebnis liegt bei 6 aus 8
Antwortstatistiken
Antwort % Korrekt
Italien
97%
Irland
96%
Portugal
92%
Ungarn
87%
Bulgarien
85%
Belarus
79%
Litauen
73%
Zypern
35%
Keine übereinstimmenden Quizze gefunden
Verteilung der Resultate
Anzahl Personen mit jedem Resultat
Perzentil nach korrekt beantworteten Fragen
Ihre Resultats-Entwicklung
Sie haben dieses Quiz noch nicht gespielt